000 00346nam a2200145Ia 4500
005 20251222153645.0
008 251222s9999||||xx |||||||||||||| ||spa||
020 _a192833952
082 _a420/D96
100 _aDumas, Alexander
245 4 _aThe Count of Monte Cristo
250 _a1ra .ed
264 _bOXFORD University Press
942 _cLIB
999 _c32874
_d32874